Standard method of measurement of building works for use in the Federation of Malaya, Singapore and Borneo, prepared by the Federation of Malaya and Singapore. Branches of the RICS (Record no. 87044)
[ view plain ]
| 000 -LEADER | |
|---|---|
| fixed length control field | 00669cam a2200193 4500 |
| 001 - CONTROL NUMBER | |
| control field | D8425 |
| 008 - FIXED-LENGTH DATA ELEMENTS--GENERAL INFORMATION | |
| fixed length control field | 090401t1960 xxu||||| |||| 00| 0 eng d |
| 035 ## - SYSTEM CONTROL NUMBER | |
| System control number | (Sirsi) u12937 |
| 041 ## - LANGUAGE CODE | |
| Language code of text/sound track or separate title | eng |
| 050 ## - LIBRARY OF CONGRESS CALL NUMBER | |
| Classification number | 692.3095951 |
| 110 ## - MAIN ENTRY--CORPORATE NAME | |
| Corporate name or jurisdiction name as entry element | Royal Institution of Chartered Surveyors |
| 9 (RLIN) | 4900 |
| 245 ## - TITLE STATEMENT | |
| Title | Standard method of measurement of building works for use in the Federation of Malaya, Singapore and Borneo, prepared by the Federation of Malaya and Singapore. Branches of the RICS |
| 260 ## - PUBLICATION, DISTRIBUTION, ETC. | |
| Place of publication, distribution, etc. | Kuala Lumpur |
| Name of publisher, distributor, etc. | RICS |
| Date of publication, distribution, etc. | 1960 |
| 300 ## - PHYSICAL DESCRIPTION | |
| Extent | x. 85p. 30cm |
| 350 ## - PRICE (NR) (BK AM CF MU VM SE) [OBSOLETE] | |
| Price | 0 |
| 520 ## - SUMMARY, ETC. | |
| Summary, etc. | Filed in SMM Box 1960/ 1 ABCDEF Archives A Reference B |
| 942 ## - ADDED ENTRY ELEMENTS (KOHA) | |
| Suppress in OPAC | 0 |
| 948 ## - LOCAL PROCESSING INFORMATION (OCLC); SERIES PART DESIGNATOR (RLIN) | |
| c (OCLC) | 04/03/1997 |
| Withdrawn status | Lost status | Source of classification or shelving scheme | Damaged status | Not for loan | Home library | Current library | Shelving location | Date acquired | Total Checkouts | Full call number | Barcode | Date last seen | Copy number | Price effective from | Koha item type |
|---|---|---|---|---|---|---|---|---|---|---|---|---|---|---|---|
| Other/Generic Classification Scheme | London | London | Gallery | 02/02/2000 | SMM 1960/1 | 30032142 | 06/08/2019 | 2 | 06/08/2019 | Reference material | |||||
| Other/Generic Classification Scheme | London | London | Gallery | 02/02/2000 | SMM 1960/1 | 30032146 | 06/08/2019 | 3 | 06/08/2019 | Book | |||||
| Other/Generic Classification Scheme | London | London | Gallery | 02/02/2000 | SMM 1960/1 | 30032147 | 06/08/2019 | 4 | 06/08/2019 | Book | |||||
| Other/Generic Classification Scheme | London | London | Gallery | 02/02/2000 | SMM 1960/1 | 30032151 | 06/08/2019 | 5 | 06/08/2019 | Book |